| 000 | 00363nam a22001457a 4500 | ||
|---|---|---|---|
| 008 | 250610b |||||||| |||| 00| 0 eng d | ||
| 020 | _a9789783746350 | ||
| 050 |
_aBT 704 _b.N 93 |
||
| 100 | _aNyada Naomi Matah | ||
| 245 | _aUnveiling the man | ||
| 260 |
_aAbuja _bLuwaki ventures _c2022 |
||
| 300 | _a284p | ||
| 650 | _aMan-woman relationship | ||
| 942 | _cBK | ||
| 999 |
_c3838 _d3838 |
||